| 000 | 01298cam a22002894a 4500 | ||
|---|---|---|---|
| 001 | 12958784 | ||
| 005 | 20040817105107.0 | ||
| 008 | 021004s2003 enk | b 00| 0 eng d | ||
| 010 | _a2002040774 | ||
| 020 | _a1857883233 | ||
| 040 |
_aDLC _cDLC _dDLC |
||
| 042 | _apcc | ||
| 050 | 0 | 0 |
_aZ7204.S44 _bB88 2003 _aBF632 |
| 082 | 0 | 0 |
_a253.53 _221 _bBUT |
| 100 | 1 |
_aButler-Bowdon, Tom, _d1967- _915754 |
|
| 245 | 1 | 0 |
_a50 Self-help Classics : _b50 Inspirational Books to Transform your Life, from Timeless Sages to Contemporary Gurus / _cTom Butler-Bowdon. |
| 246 | 3 | _aFifty self-help classics | |
| 260 |
_aLondon : _bNicholas Brealey Pub., _c2003. |
||
| 300 |
_avi, 303 p. ; _c23 cm. |
||
| 504 | _aIncludes bibliographical references (p. 301-303). | ||
| 541 | _aBacca ; | ||
| 650 | 0 |
_aSelf-help techniques _vBibliography. _915755 |
|
| 650 | 0 |
_aLife skills _vBibliography. _915756 |
|
| 942 |
_2ddc _cBB |
||
| 999 |
_c14348 _d14348 |
||